000 01395nam a22002777a 4500
005 20170124102952.0
010 _aA-931592
020 _c150.00
035 _aA-931592
037 _bCen Lib/Ret
040 _aDPL
_bHN
082 _a
_bमहान्ति
100 _aमहान्ति, अक्षयकुमार
_943015
245 _aचंद्रमाल्लिका /
_cअक्षयकुमार महान्ति; अनुवाद शक्क्रलाल पुरोहित [एवं] अशोक त्रिपाठी
246 _aChandramallika /
_bby Akhsykumar Mahanti; anuvadak Shakkarlal Purohil [and] Ashok Tripathi
260 _aइलाहाबाद
_bपरिलम प्रकाशन
_c1996
270 _a17 , एम.आई,वी. अघम्बरी आवास योजना अल्लाह्पुर
_bइलाहाबाद
_e211006
300 _a172पृ.
_c20सेमी(सजिल्द )
650 _aउड़िया साहित्य
_x
_z
_951975
650 _aउड़िया उपन्यास
_951976
650 _aUdiya literature
_v
_951977
650 _aUdiya fiction
_951978
700 _aपुरोहित, शंकरलाल
_951947
700 _aत्रिपाठी, अशोक
_97808
942 _2ddc
_cHN
_h
_mमहान्ति
999 _c113379
_d113379